Effect of different fertilizer and growing methods on water convolvulus at royal university of agriculture ឥទ្ទិពលជីផ្សេងៗគ្នា និងវិធីសាស្រ្តដាំដុះទៅលើដំណាំត្រកួន នៅសាកលវិទ្យាល័យភូមិន្ទកសិកម្ម (Record no. 1067)

000 -LEADER
fixed length control field 00709nam a22001337a 4500
040 ## - CATALOGING SOURCE
Transcribing agency RUA
082 ## - DEWEY DECIMAL CLASSIFICATION NUMBER
Classification number AGR TUY 2009 BO39 Or.1
100 ## - MAIN ENTRY--AUTHOR NAME
Personal name TUY, VUTTHY
245 ## - TITLE STATEMENT
Title Effect of different fertilizer and growing methods on water convolvulus at royal university of agriculture ឥទ្ទិពលជីផ្សេងៗគ្នា និងវិធីសាស្រ្តដាំដុះទៅលើដំណាំត្រកួន នៅសាកលវិទ្យាល័យភូមិន្ទកសិកម្ម
260 ## - PUBLICATION, DISTRIBUTION, ETC. (IMPRINT)
Place of publication Phnom penh
Name of publisher RUA
Year of publication 2009
300 ## - PHYSICAL DESCRIPTION
Number of Pages xiii, 42p
Other physical details ill
Dimensions 29cm
856 ## - ELECTRONIC LOCATION AND ACCESS
Uniform Resource Identifier https://drive.google.com/file/d/14CMDRFjofB1hb_SUjh_s7_nFXTecJjqG/view?usp=sharing
942 ## - ADDED ENTRY ELEMENTS (KOHA)
Koha item type AGR
952 ## - LOCATION AND ITEM INFORMATION (KOHA)
Withdrawn status [LOCAL, KOHA] 0
952 ## - LOCATION AND ITEM INFORMATION (KOHA)
Withdrawn status [LOCAL, KOHA] 0
952 ## - LOCATION AND ITEM INFORMATION (KOHA)
Withdrawn status [LOCAL, KOHA] 0
952 ## - LOCATION AND ITEM INFORMATION (KOHA)
Withdrawn status [LOCAL, KOHA] 0
952 ## - LOCATION AND ITEM INFORMATION (KOHA)
Withdrawn status [LOCAL, KOHA] 0
952 ## - LOCATION AND ITEM INFORMATION (KOHA)
Withdrawn status [LOCAL, KOHA] 0
952 ## - LOCATION AND ITEM INFORMATION (KOHA)
Withdrawn status [LOCAL, KOHA] 0
952 ## - LOCATION AND ITEM INFORMATION (KOHA)
Withdrawn status [LOCAL, KOHA] 0
952 ## - LOCATION AND ITEM INFORMATION (KOHA)
Withdrawn status [LOCAL, KOHA] 0
952 ## - LOCATION AND ITEM INFORMATION (KOHA)
Withdrawn status [LOCAL, KOHA] 0
Holdings
Permanent Location Date acquired Koha item type Lost status Shelving location Barcode Current Location Full call number
Library Block B2015-09-22AGR B039RUA000256Library Block BAGR TUY 2009 BO39 Or.1
Library Block B2015-09-22AGR B039RUA000497Library Block BAGR TUY 2009 BO39 Or.2
Library Block B2015-09-22AGR B039RUA000641Library Block BAGR TUY 2009 BO39 Or.3
Library Block B2015-09-22AGR B039RUA000857Library Block BAGR TUY 2009 BO39 Or.4
Library Block B2015-09-22AGR B039RUA000785Library Block BAGR TUY 2009 BO39 Or.5
Library Block B2015-09-22AGR B039RUA000404Library Block BAGR TUY 2009 BO39 Or.6
Library Block B2015-09-22AGR B039RUA000476Library Block BAGR TUY 2009 BO39 Or.7
Library Block B2015-09-22AGR B039RUA000688Library Block BAGR TUY 2009 BO39 Or.8
Library Block B2015-09-24AGR B039RUA000465Library Block BAGR TUY 2009 BO39 Or.9
Library Block B2016-02-24AGR  RUA41273Library Block BAGR TUY 2009 BO39 Or.10
មជ្ឈមណ្ឌលឯការនៃសាកលវិទ្យាល័យភូមិន្ទកសិកម្មចំការដូង

Powered by Koha